| 000 | 01160nam a22001937a 4500 | ||
|---|---|---|---|
| 999 |
_c63620 _d63620 |
||
| 003 | Ge_BSU | ||
| 005 | 20251117144745.0 | ||
| 008 | 251117s1985 ge ||||| |||| 00| 0 geo d | ||
| 041 | _ageo | ||
| 080 | _a338(1-662)(09)(075.8) ა-27 | ||
| 100 |
_aადვაძე, ვ. _926241 |
||
| 245 |
_aკაპიტალისტური ქვეყნების ეკონომიკური ისტორია : _b[სახელმძღვ. უმაღლ. სასწავლებლების ეკონომ. ფაკ-ტის სტუდენტებისათვის]. _cვ. ადვაძე; რედ. თ. დემეტრაშვილი. |
||
| 250 | _aმე-2 გადამუშ. და შევს. გამოც. | ||
| 264 |
_aთბ. : _bთბილ. უნ-ტის გამ-ბა, _c1985. |
||
| 300 |
_a206 გვ. ; _b20 სმ. |
||
| 653 | _aკაპიტალისტური ქვეყნების ეკონომიკური ისტორია. | ||
| 700 |
_aდემეტრაშვილი, თ. _eრედაქტორი _96726 |
||
| 942 |
_2udc _cᲬᲘᲒᲜᲘ |
||